| 000 | 00481nam a2200157Ia 4500 | ||
|---|---|---|---|
| 008 | 240729s9999 xx 000 0 und d | ||
| 022 | _a2175-9146 | ||
| 245 | 0 | _aJournal of Aerospace Technology and Management | |
| 260 | _aBrazil | ||
| 260 | _bInstituto de Aeronáutica e Espaço (IAE) | ||
| 650 | _a Motor vehicles. Aeronautics. Astronautics | ||
| 650 | _aTechnology | ||
| 856 | _uhttps://doaj.org/toc/dd355a03874e4e69a6518e9b150c79c9 | ||
| 942 | _2ddc | ||
| 942 | _cDOAJEJ | ||
| 999 |
_c68300 _d68300 |
||
| 945 |
_a1 _bMadushi Gamage _c1 _dMadushi Gamage |
||